Yugoslav Brands - Statistics

General Stats
  • This quiz has been taken 15 times
  • The average score is 4 of 16
Answer Stats
Hint Brand % Correct
Cars and military equipmentFrom Kragujevac, Serbia Zastava
67%
Fizzy drinkFrom Ljubljana, Slovenia Cockta
58%
Candy and chocolateFrom Zagreb, Croatia Kraš
42%
Food industry, known for their roosterFrom Koprivnica, Croatia Podravka
42%
Beer, yeast and juices From Belgrade, Serbia BIP (Belgradska Industrija Piva)
33%
Candy and chocolateFrom Subotica, Serbia Pionir
33%
Food company, known for their product 'Plazma' Bambi
25%
Instant drinks and teasFrom Zagreb, Croatia Cedevita
25%
Juices and candy barsFrom Ajdovščina, Slovenia Fructal
25%
Agricultural machineryFrom Belgrade, Serbia IMT (Industrija Mašina i Traktora)
17%
Oil industryFrom Zagreb (Rijeka), Croatia INA (Industrija Nafte)
17%
Radio TelevisionFrom Belgrade, Serbia RTB (Radio-Televizija Beograd)
17%
Pharmaceutical companyFrom Skopje, Macedonia Alkaloid
8%
Agricultural machineryFrom Belgrade, Serbia IMR (Industrija Motora Rakovica)
8%
Steam and gas production turbines, diesel enginesand energy equipment From Karlovac, Croatia Jugoturbina
0%
Metal industryFrom Sarajevo, BiH UNIS (Udružena Namjenska Industrija Sarajevo)
0%
No matching quizzes found
Score Distribution
Percent of People with Each Score
Percentile by Number Answered
Your Score History
You have not taken this quiz